000 00597nam a22002177a 4500
003 UA-OsUOA
001 78472
007 ta
008 20111013b un ||||| |||| 00| 0 ukr d
100 _aЗелінська М.
090 _a32
_bЗ-48
942 _cSA
040 _aUA-OsUOA
_bukr
_cUA-OsUOA
_dUA-OsUOA
245 _aІндексний аналіз президентської влади за Конституцією України
300 _aС.9-12
955 _a0
041 _aukr
080 _a32
773 0 _w78469
_tВіче
_dК.
_d2011
_g18
650 7 _a32 Політика
_2UDC
999 _c364789
_d364789